Ricostruisci la Carriera del Calciatore - Patrick Cutrone - Statistics

Statistiche generali
  • Questo quiz è stato fatto 8 volte
  • Il punteggio medio è 4 su 7
Statistiche sulle risposte
Hint Risposta % Corretto
2022- Como
86%
2016-2019 Milan
86%
2019-2020 Wolverhampton
86%
2021-2022 Empoli
43%
2020-2021 Fiorentina
43%
2021 Valencia
29%
2021 Wolverhampton
0%
Nessun quiz corrispondente trovato
Distribuzione punteggi
Percentuale di utenti per punteggio
Percentile per numero di risposta
I tuoi punteggi nel tempo
Non hai fatto questo quiz